000 006840000a22002170004500
003 LK-CoMWRAF
005 20231206142621.0
008 230817t1994 ||||| |||| 00| 0 eng d
020 _a9559102052
040 _aLK-CoMWRAF
_dLK-CoMWRAF
_eLK-CoMWRAF
041 _aeng
082 _a926
_bBRO
100 _aBrohier, Deloraine
245 _aDr. Alice de Boer and some pioneer Burgher women doctors in Sri Lanka
260 _aColombo:
_bSocial Scientists' Association,
_c1994
300 _a56 p. : ill. ; 23 cm.
_bBibliography included
650 _aWOMEN PHYSICIANS-Sri Lanka
650 _aMedical care--Sri Lanka.
650 _aWomen--Sri Lanka--Social conditions.
942 _cBK
999 _c2928
_d2928